Oxford preparation course for the TOEIC test with key / (Record no. 362213)
[ view plain ]
| 000 -LEADER | |
|---|---|
| fixed length control field | 00367nam a2200109Ia 4500 |
| 008 - FIXED-LENGTH DATA ELEMENTS--GENERAL INFORMATION | |
| fixed length control field | 190925s9999 xx 000 0 und d |
| 020 ## - INTERNATIONAL STANDARD BOOK NUMBER | |
| International Standard Book Number | 9.7801945353e+012 |
| 100 ## - MAIN ENTRY--PERSONAL NAME | |
| Personal name | Oxford University Press |
| 245 ## - TITLE STATEMENT | |
| Statement of responsibility, etc | Oxford University Press.-- |
| Title | Oxford preparation course for the TOEIC test with key / |
| 260 ## - PUBLICATION, DISTRIBUTION, ETC. (IMPRINT) | |
| Place of publication, distribution, etc | Oxford : |
| Name of publisher, distributor, etc | Oxford University press |
| Date of publication, distribution, etc | 2000 |
| 300 ## - PHYSICAL DESCRIPTION | |
| Extent | 231 pages |
| Withdrawn status | Lost status | Source of classification or shelving scheme | Damaged status | Home library | Current library | Shelving location | Date acquired | Source of acquisition | Total Checkouts | Full call number | Barcode | Date last seen | Price effective from | Koha item type |
|---|---|---|---|---|---|---|---|---|---|---|---|---|---|---|
| Library of Congress Classification | Southville International School Affiliated with Foreign Universities Library | Southville International School Affiliated with Foreign Universities Library | Southville Foreign University Section | 09/25/2019 | Donation | PE 1128 .Ox98 2000 | SFU0092 | 09/25/2019 | 09/25/2019 | Books |